Freddie Dredd - Dredd (2017) - Statistics

General Stats
  • This quiz has been taken 5 times
  • The average score is 5 of 14
Answer Stats
Song Views (On YT Music) Feat. % Correct
6. I’m a Murderer 2.964.000
75%
5. Hate Your Guts 1.492.000
50%
10. Snake 1.274.000
50%
14. Ya Bitch 746.000
50%
7. Yellow Love 652.000 Emune
50%
1. Ain't No 745.000
25%
2. Break 1.050.000
25%
3. Causing Havoc 437.000
25%
4. Fucked Up 270.000
25%
8. Need-a-Hit 533.000
25%
9. Sky 363.000
25%
11. Summer Beach 342.000
25%
12. They Will Know Me 347.000
25%
13. Watch Ya Tone 330.000
25%
No matching quizzes found
Score Distribution
Percent of People with Each Score
Percentile by Number Answered
Your Score History
You have not taken this quiz